| 000 | 01244nam a2200325 i 4500 | ||
|---|---|---|---|
| 001 | 192113 | ||
| 003 | SpMaBN | ||
| 005 | 20240130205320.0 | ||
| 008 | 221104s2019 sp a | |||| 000 0 spa | ||
| 017 |
_aGU 69-2019 _bOficina Depósito Legal Guadalajara |
||
| 020 | _a978-84-92502-78-3 | ||
| 040 | _cSpMaBN | ||
| 080 | _a726:27-523.41(460.281 Sigüenza) | ||
| 080 | _a726.6(460.281 Sigüenza) | ||
| 100 | 1 |
_aJuste Ballesta, José. _9175725 _eaut |
|
| 245 | 1 | 3 |
_aLa catedral de Sigüenza : _bentre la permanencia y el cambio : un estudio de su proceso evolutivo / _cJosé Juste Ballesta. |
| 264 | 1 |
_a[Guadalajara : _bJ. Juste Ballesta, _c2019] |
|
| 300 |
_a548 páginas : _bilustraciones (color), planos ; _c22 x 24 cm |
||
| 500 | _aÍndices | ||
| 500 | _aGlosario | ||
| 500 | _aEn contracub.: Diputación de Guadalajara | ||
| 504 | _aBibliografía: páginas 529-536 | ||
| 610 | 2 | 4 |
_aCatedral de Sigüenza. _92528 |
| 651 | 4 |
_aSigüenza- _xEdificios, estructuras, etc. _9165854 |
|
| 852 | 4 |
_aES-MaACL _jN-8058 _9199395 _bR. 153178 _cDEPOJ _hDonación: José Juste Ballesta |
|
| 903 |
_9175725 _aJuste Ballesta, José _ednr |
||
| 942 |
_cMONOGRAFIA _n0 |
||
| 999 |
_c192113 _d192113 |
||